Normal view
MARC view
- بني مقداد ، محمد علي
Entry Personal Name
001 - CONTROL NUMBER
- control field: 42709
003 - CONTROL NUMBER IDENTIFIER
- control field: JO-AjAnu
005 - DATE AND TIME OF LATEST TRANSACTION
- control field: 20230606081102.0
008 - FIXED-LENGTH DATA ELEMENTS
- fixed length control field: 230606|| aca||aabn | a|a d
040 ## - CATALOGING SOURCE
- Original cataloging agency: JO-AjAnu
- Transcribing agency: JO-AjAnu
100 ## - HEADING--PERSONAL NAME
- Personal name: بني مقداد ، محمد علي
670 ## - SOURCE DATA FOUND
- Source citation: Work cat.: (JO-AjAnu)21876: بني مقداد ، محمد علي , author, الطريق القويم للاتفاق على التحكيم : دراسة نظرية تطبيقية مقارنة